Statistics for Most likely countries in WW3 scenario 2

Click here to take the quiz!

General Stats

  • This quiz has been taken 85 times
    (79 since last reset)
  • The average score is 20 of 26

Answer Stats

Continent Country % Correct
OceaniaAustralia
94%
North AmericaUnited States of America
94%
AsiaChina
92%
North AmericaCanada
91%
EuropeUnited Kingdom
89%
AsiaJapan
89%
Asia/ EuropeRussia
86%
AsiaSouth Korea
85%
AsiaPakistan
85%
AsiaNorth Korea
83%
AsiaIndia
82%
OceaniaNew Zealand
80%
AsiaVietnam
80%
AsiaIndonesia
79%
AsiaIran
79%
AsiaThailand
79%
AsiaMalaysia
73%
AsiaMyanmar
71%
AsiaLaos
70%
AsiaBangladesh
67%
AsiaCambodia
64%
AsiaTaiwan
62%
AsiaBhutan
62%
AsiaSri Lanka
61%
AsiaNepal
61%
Asiathe Philippines
52%

Score Distribution

Percentile by Number Answered

Percent of People with Each Score

Your Score History

You have not taken this quiz since the last reset